=LDR 00000nam 2200000 4500 =001 INLIS000000000014630 =005 20130612105917 =008 ***********************************Ind** =035 ##$$0010-061300000014630 =041 ##$$a Ind =082 ##$$a 631.3 =090 ##$$a 631.3, Wir a =100 ##$$a Wiraatmaja, suteja =245 ##$$a alistan, pengiris dan pemotong , Suteja wiraatmaja =260 ##$$a 1995 $b Jakarta =300 ##$$a viii, 55 hlm, Ilus, 21 cm =650 ##$$a Pertanian-alat dan perlengkapan =850 ##$$a NBPNMAT